000 00631nam a22001937a 4500
005 20150615154437.0
010 _aENG-113011
020 _a9788193052761
_c595.00
035 _aEN-96543
037 _bDBAD/PUB
082 _a920
100 _aSunjoy K.Singh
245 _aHamid Gul :
_cby Sunjoy K. Singh
_bfather of terrorism /
260 _aNew Delhi
_bLenin Media
_c2015
270 _a204-205, IInd Floor, Durga Complex Centre Shoping Complex Mayur Vihar, Phase-II
_bNew Delhi
_e110091
300 _a248p.
_c22cm(Hb)
500 _aIncludes bibliographical references and index
942 _2ddc
_cEN
_mHAM
_h920
999 _c93506
_d93506